Condi chuyện về Condoleezza Rice

Sách gồm 10 chương, đã được bổ sung các tư liệu mới sau sự kiện 11- 9 viết về tiểu sử của một người phụ nữ da màu giữ một trọng trách quan trọng trong chính quyền Mỹ.

שמור ב:
מידע ביבליוגרפי
מחבר ראשי: Felix, Antonia
פורמט: ספר
שפה:Undetermined
יצא לאור: Hà Nội Văn hóa Thông tin 2007
נושאים:
תגים: הוספת תג
אין תגיות, היה/י הראשונ/ה לתייג את הרשומה!
Thư viện lưu trữ: Trung tâm Học liệu Trường Đại học Cần Thơ
LEADER 00940nam a2200229Ia 4500
001 CTU_133455
008 210402s9999 xx 000 0 und d
020 |c 59000 
082 |a 973.93092 
082 |b F316 
100 |a Felix, Antonia 
245 0 |a Condi chuyện về Condoleezza Rice 
245 0 |c Antonia Felix; Sĩ Hưng, Sĩ Thành dịch 
260 |a Hà Nội 
260 |b Văn hóa Thông tin 
260 |c 2007 
520 |a Sách gồm 10 chương, đã được bổ sung các tư liệu mới sau sự kiện 11- 9 viết về tiểu sử của một người phụ nữ da màu giữ một trọng trách quan trọng trong chính quyền Mỹ. 
650 |a Celebrities--biography,Tiểu sử nhân vật 
650 |y 21th century 
650 |z United States 
904 |i Trọng Hải 
980 |a Trung tâm Học liệu Trường Đại học Cần Thơ